|
|
|
|
| LEADER |
00774nam a22001937a 4500 |
| 008 |
140924b xxu||||| |||| 00| 0 eng d |
| 020 |
|
|
|a 9789383498383
|
| 082 |
|
|
|a 894.13 JOS
|
| 100 |
|
|
|a ജോസഫ്, എസ്.
|
| 240 |
|
|
|a Pulariyile moonu thengukal
|
| 245 |
|
|
|a പുലരിയിലെ മൂന്നു തെങ്ങുകള് /
|c എസ്. ജോസഫ്
|
| 250 |
|
|
|a 1st ed.
|
| 260 |
|
|
|a കോട്ടയം :
|b ഡി.സി. ബുക്സ്,
|c 2013.
|
| 300 |
|
|
|a 120p.
|
| 650 |
|
|
|a Novel
|
| 700 |
|
|
|a Joseph, S.
|
| 942 |
|
|
|2 ddc
|c BK
|
| 999 |
|
|
|c 7854
|d 7854
|
| 952 |
|
|
|0 0
|1 0
|2 ddc
|4 0
|6 894_130000000000000_JOS
|7 0
|9 11168
|a MAIN
|b MAIN
|d 2014-09-24
|e Current Books, Calicut (D. C. Books)
|g 85.00
|l 2
|o 894.13 JOS
|p 11549
|r 2020-01-17
|s 2019-12-12
|t 1
|w 2014-09-24
|y BK
|